[Event "GER-chT U20"]
[Site "Osnabrueck"]
[Date "2018.12.29"]
[Round "6.4"]
[White "Klinkhart, Thorbjoern"]
[Black "Dalchow, Jonas"]
[Result "0-1"]
[WhiteElo "1912"]
[BlackElo "1747"]
[PlyCount "134"]
[EventDate "2018.12.27"]
[EventType "team-swiss"]
[EventRounds "7"]
[EventCountry "GER"]
[SourceTitle "CBM 188 Extra"]
[Source "ChessBase"]
[SourceDate "2019.02.26"]
[SourceVersion "1"]
[SourceVersionDate "2019.02.26"]
[SourceQuality "1"]
[WhiteTeam "Hoyerswerda"]
[BlackTeam "Lambsheim"]
[WhiteTeamCountry "GER"]
[BlackTeamCountry "GER"]

1. f4 d5 2. b3 Nf6 3. Nf3 c5 4. e3 e6 5. Bb2 Bd6 6. Bb5+ Bd7 7. Bxd7+ Nbxd7 8. 0-0 0-0 9. Nc3 Re8 10. Qe2 e5 11. f5 a6 12. a4 Qc7 13. Nh4 e4 14. g4 d4 15. Nd1 Be5 16. Qg2 Nd5 17. Kh1 dxe3 18. Bxe5 Qxe5 19. Nxe3 Nxe3 20. dxe3 g5 21. fxg6 fxg6 22. Rad1 Nb6 23. Qe2 Rf8 24. a5 Rxf1+ 25. Rxf1 Nd7 26. Qc4+ Kh8 27. Rf7 Qa1+ 28. Rf1 Qe5 29. Rd1 Nf6 30. Rg1 Qg5 31. Qc3 Qxh4 32. g5 Kg7 33. Qxf6+ Kg8 34. Qe6+ Kh8 35. Qf6+ Kg8 36. Rf1 Qh3 37. Rd1 Qxe3 38. Qe6+ Kh8 39. Qe5+ Kg8 40. Qe6+ Kh8 41. Qf6+ Kg8 42. Rd8+ Rxd8 43. Qxd8+ Kg7 44. Qc7+ Kg8 45. Qc8+ Kg7 46. Qxb7+ Kh8 47. Qf7 Qc1+ 48. Kg2 Qxg5+ 49. Kf2 Qd2+ 50. Kg3 Qe3+ 51. Kg2 Qg5+ 52. Kf2 Qd2+ 53. Kg1 Qg5+ 54. Kf1 Qc1+ 55. Kg2 Qxc2+ 56. Qf2 Qxf2+ 57. Kxf2 Kg7 58. Ke3 Kf6 59. Kxe4 Ke6 60. Ke3 Kd5 61. Kd3 g5 62. Kc3 h5 63. b4 cxb4+ 64. Kxb4 g4 65. Kc3 h4 66. Kd3 g3 67. hxg3 h3 0-1

[Event "Erfurt HT op 26th"]
[Site "Erfurt"]
[Date "2016.12.28"]
[Round "4"]
[White "Klinkhart, Thorbjoern"]
[Black "Schoenrock, Ruediger"]
[Result "1/2-1/2"]
[WhiteElo "1852"]
[BlackElo "2022"]
[PlyCount "52"]
[EventDate "2016.12.26"]
[EventType "swiss"]
[EventRounds "8"]
[EventCountry "GER"]
[SourceTitle "EXT 2018"]
[Source "ChessBase"]
[SourceDate "2017.10.13"]
[SourceVersion "1"]
[SourceVersionDate "2017.10.13"]
[SourceQuality "1"]

1. f4 d5 2. b3 Nf6 3. Nf3 Bg4 4. e3 Nbd7 5. Bb2 e6 6. Be2 Be7 7. 0-0 0-0 8. h3 Bxf3 9. Bxf3 c6 10. d3 Qc7 11. Qe1 e5 12. Bd1 exf4 13. Rxf4 Rfe8 14. Rf1 Bc5 15. d4 Bd6 16. Nd2 Re7 17. Rf3 Rae8 18. Nf1 Ne4 19. c4 b6 20. Bc2 Ndf6 21. Qh4 Re6 22. Rc1 g5 23. Qe1 Qe7 24. Rf5 h6 25. Bb1 Qf8 26. Bxe4 Nxe4 1/2-1/2

[Event "Erfurt HT op 26th"]
[Site "Erfurt"]
[Date "2016.12.27"]
[Round "3"]
[White "Moeller, Frank1111"]
[Black "Klinkhart, Thorbjoern"]
[Result "1/2-1/2"]
[WhiteElo "1886"]
[BlackElo "1852"]
[PlyCount "41"]
[EventDate "2016.12.26"]
[EventType "swiss"]
[EventRounds "8"]
[EventCountry "GER"]
[SourceTitle "EXT 2018"]
[Source "ChessBase"]
[SourceDate "2017.10.13"]
[SourceVersion "1"]
[SourceVersionDate "2017.10.13"]
[SourceQuality "1"]

1. c4 Nf6 2. Nc3 d6 3. g3 e5 4. Bg2 c6 5. e3 Be6 6. d3 Be7 7. Nge2 0-0 8. 0-0 Qc8 9. Re1 h6 10. b4 Nh7 11. f4 Bg4 12. Qb3 Na6 13. a3 Rb8 14. Ne4 h5 15. Bb2 Qe6 16. N2c3 h4 17. Nf2 hxg3 18. hxg3 Nf6 19. Nce4 Nxe4 20. Nxe4 Bf5 21. Nf2 1/2-1/2